000 00517nam a2200145 i 4500
001 30610
003 ES-MaACL
005 20230906154225.0
007 t|
008 030127s1807 fr ||||1| fre d
245 0 0 _aBataille de Preussisch-Eylau gagnée par la grande armée, commandée en personne par Napoleon Ier...
_b: sur les armées combinées de Prusse et de Russie le 8 février 1807.
260 _aParís :
_b[s.n.],
_c1807.
300 _a33 p., 5 lám. ;
_c41 cm.
852 _aES-MaACL
_jR-2932
_x Olim:B-17
999 _c30610
_d30610